[Event "Metz op-B 29th"]
[Site "Metz"]
[Date "2011.05.05"]
[Round "5"]
[White "Micottis, Dorian"]
[Black "Azorit, Louis"]
[Result "0-1"]
[WhiteElo "1783"]
[BlackElo "2013"]
[PlyCount "104"]
[EventDate "2011.05.02"]
[EventType "swiss"]
[EventRounds "9"]
[EventCountry "FRA"]
[SourceTitle "EXT 2013"]
[Source "ChessBase"]
[SourceDate "2012.11.22"]
[SourceVersion "1"]
[SourceVersionDate "2012.11.22"]
[SourceQuality "1"]

1. e4 c5 2. Nf3 e6 3. d4 cxd4 4. Nxd4 Nf6 5. Nc3 Bb4 6. Bd3 Nc6 7. Nb3 d5 8. exd5 Nxd5 9. Bd2 Bxc3 10. bxc3 0-0 11. 0-0 Ne5 12. Bxh7+ Kxh7 13. Qh5+ Kg8 14. Qxe5 Qc7 15. Qxc7 Nxc7 16. Rab1 b6 17. Rfe1 Ba6 18. a4 Nd5 19. Nd4 Rac8 20. Rb3 Bc4 21. Ra3 a6 22. Rb1 Rfd8 23. f4 Rd6 24. Re1 g6 25. g4 Nf6 26. h3 Bd5 27. Re3 Ne4 28. Be1 f5 29. g5 Kf7 30. h4 Rdd8 31. Rh3 Rh8 32. Ra1 Nd6 33. Rd3 Rc4 34. Ra3 Nb7 35. Rd1 Nc5 36. a5 b5 37. Kh2 Rc8 38. Kg1 Na4 39. Rd3 Nc5 40. Rd1 Ke7 41. Kh2 Ne4 42. Rd3 Kd6 43. Re3 b4 44. Rb3 Rxd4 45. cxd4 Rxc2+ 46. Kg1 Bxb3 47. Bxb4+ Kd5 48. Rxb3 Kxd4 49. Be7 Nd2 50. Rb4+ Ke3 51. h5 Nf3+ 52. Kf1 Rf2# 0-1

[Event "Luxembourg-chT 9900"]
[Site "Luxembourg"]
[Date "2000.03.05"]
[Round "8"]
[White "Stern, Geoffrey"]
[Black "Azorit, Louis"]
[Result "0-1"]
[WhiteElo "2012"]
[BlackElo "2009"]
[PlyCount "84"]
[EventDate "1999.10.24"]
[EventType "team-tourn"]
[EventRounds "10"]
[EventCountry "LUX"]
[SourceTitle "EXT 2005"]
[Source "ChessBase"]
[SourceDate "2004.11.15"]
[SourceVersion "1"]
[SourceVersionDate "2004.11.15"]
[SourceQuality "1"]

1. c4 Nf6 2. Nc3 e6 3. g3 c5 4. Bg2 Nc6 5. d3 Be7 6. e4 d6 7. Nge2 0-0 8. 0-0 e5 9. f4 Bg4 10. h3 Bxe2 11. Qxe2 Nd4 12. Qf2 exf4 13. Bxf4 Nd7 14. Nd5 Ne5 15. Rad1 Rb8 16. Be3 Nec6 17. b4 Bg5 18. Nf4 Bxf4 19. gxf4 Nxb4 20. Bxd4 cxd4 21. Qxd4 Nc6 22. Qb2 f6 23. Kh2 Qc7 24. Qe2 b6 25. Rg1 Ne7 26. Qh5 Rf7 27. h4 b5 28. Rc1 bxc4 29. Rxc4 Qd7 30. Rgc1 Rb2 31. Rc7 Qe6 32. a4 f5 33. Rxa7 fxe4 34. Re1 Nf5 35. Qg5 e3 36. Ra8+ Rf8 37. Rxf8+ Kxf8 38. Qd8+ Kf7 39. Qc7+ Kg6 40. Qa7 Qf6 41. Qa5 Qxh4+ 42. Kg1 Qf2+ 0-1

[Event "Luxembourg-chT 9899"]
[Site "Luxembourg"]
[Date "1999.03.14"]
[Round "9"]
[White "Bakalarz, Grazyna"]
[Black "Azorit, Louis"]
[Result "1-0"]
[WhiteElo "2065"]
[BlackElo "2000"]
[PlyCount "95"]
[EventDate "1998.10.08"]
[EventType "team-tourn"]
[EventRounds "10"]
[EventCountry "LUX"]
[SourceTitle "EXT 2005"]
[Source "ChessBase"]
[SourceDate "2004.11.15"]
[SourceVersion "1"]
[SourceVersionDate "2004.11.15"]
[SourceQuality "1"]

1. d4 Nf6 2. Nf3 e6 3. Bg5 h6 4. Bh4 Be7 5. Nbd2 b6 6. e3 Bb7 7. Bd3 d6 8. Bxf6 Bxf6 9. c3 Nd7 10. Qe2 0-0 11. 0-0 c5 12. Rad1 cxd4 13. exd4 Re8 14. Ne4 Be7 15. Rfe1 Nf6 16. Ng3 Qc7 17. h3 a6 18. Nh2 b5 19. Ng4 Kf8 20. Nxf6 Bxf6 21. Nh5 Qd8 22. Qg4 Bd5 23. Re3 Ra7 24. Rg3 g6 25. Bxg6 fxg6 26. Qxg6 Rf7 27. Qxh6+ Ke7 28. Nxf6 Rxf6 29. Rg7+ Rf7 30. Qg5+ Kd7 31. Rxf7+ Kc6 32. Qxd8 Rxd8 33. Kh2 e5 34. Re7 Rg8 35. f3 exd4 36. cxd4 Bxa2 37. Ra1 Bc4 38. Rxa6+ Kd5 39. Re4 Bf1 40. g3 Bd3 41. Rf4 Rc8 42. h4 Rc2+ 43. Kh3 Rxb2 44. Rf6 Bf1+ 45. Kg4 Kxd4 46. Raxd6+ Ke3 47. h5 Rh2 48. Rfe6+ 1-0

[Event "Luxembourg-chT 9899"]
[Site "Luxembourg"]
[Date "1998.12.13"]
[Round "5"]
[White "Azorit, Louis"]
[Black "Monaville, Guy"]
[Result "1/2-1/2"]
[WhiteElo "2000"]
[BlackElo "2185"]
[PlyCount "72"]
[EventDate "1998.10.08"]
[EventType "team-tourn"]
[EventRounds "10"]
[EventCountry "LUX"]
[SourceTitle "EXT 2005"]
[Source "ChessBase"]
[SourceDate "2004.11.15"]
[SourceVersion "1"]
[SourceVersionDate "2004.11.15"]
[SourceQuality "1"]

1. e4 d5 2. exd5 Qxd5 3. d4 e5 4. dxe5 Qxd1+ 5. Kxd1 Nc6 6. Bf4 Bf5 7. Nf3 0-0-0+ 8. Nbd2 Bc5 9. Bb5 Bxf2 10. Bxc6 bxc6 11. Rf1 Bb6 12. Kc1 Ne7 13. Bg5 Rd7 14. Bxe7 Rxe7 15. Nc4 Be6 16. Nxb6+ axb6 17. a4 Bd5 18. Ra3 h6 19. Re3 c5 20. b3 Rhe8 21. c4 Bc6 22. Rfe1 g5 23. h3 Bd7 24. Kd2 Bf5 25. g4 Bd7 26. Nh2 Be6 27. Nf1 Rd8+ 28. Rd3 Rxd3+ 29. Kxd3 Rd7+ 30. Kc3 Rd4 31. Re3 Rd1 32. Nd2 Rc1+ 33. Kb2 Rh1 34. Ne4 h5 35. gxh5 Bxh3 36. Nxg5 Be6 1/2-1/2

[Event "Luxembourg op 26th"]
[Site "Luxembourg"]
[Date "1987.??.??"]
[Round "1"]
[White "Azorit, Louis"]
[Black "Hausner, Ivan"]
[Result "0-1"]
[WhiteElo "1950"]
[BlackElo "2415"]
[PlyCount "91"]
[EventDate "1987.06.06"]
[EventType "swiss"]
[EventRounds "9"]
[EventCountry "LUX"]
[SourceTitle "EXT 2003"]
[Source "ChessBase"]
[SourceDate "2002.11.25"]
[SourceVersion "1"]
[SourceVersionDate "2002.11.25"]
[SourceQuality "1"]

1. Nf3 c5 2. e4 d6 3. d4 cxd4 4. Nxd4 Nf6 5. Nc3 a6 6. Be2 e6 7. Bg5 Be7 8. Qd2 Qc7 9. 0-0 Nbd7 10. Rad1 0-0 11. f3 b5 12. a3 Bb7 13. Kh1 Rac8 14. Bd3 Nb6 15. Nce2 Na4 16. c3 Nb6 17. Ng3 Nc4 18. Qf2 Ng4 19. fxg4 Bxg5 20. Rfe1 Ne5 21. Qe2 Bh4 22. Qe3 Nxg4 23. Qf4 Bxg3 24. Qxg3 Ne5 25. Bxb5 axb5 26. Nxb5 Qb6 27. Nxd6 Nc4 28. Nxc8 Bxc8 29. Rd4 Ba6 30. b4 e5 31. Rd5 Nb2 32. Rb1 Nc4 33. a4 Bb7 34. a5 Qf6 35. Qd3 Bxd5 36. Qxd5 Ne3 37. Qd2 Ng4 38. b5 Nf2+ 39. Kg1 Nxe4 40. Qe3 Nd6 41. b6 Qf5 42. Rf1 Qe6 43. Qc5 Nb7 44. Qb4 Qa2 45. Qe7 Nxa5 46. Qxe5 0-1